Εισαγωγή στη φιλοσοφία
Saved in:
| Main Author: | |
|---|---|
| Other Authors: | |
| Format: | Book |
| Language: | Greek English |
| Published: |
Αθήνα :
Κουτσουμπός,
1991.
|
| Series: | Ανοικτό Πανεπιστήμιο (Κουτσουμπός)
|
| Subjects: | |
| Tags: |
Add Tag
No Tags, Be the first to tag this record!
|
MARC
| LEADER | 00000cam a2200000 i 4500 | ||
|---|---|---|---|
| 001 | 1/103519 | ||
| 008 | 950516s1991 gr | ||| |||| ||gre|| | ||
| 035 | |l 10012923 | ||
| 040 | |a GR-MY-UA |b gre |e aacr | ||
| 041 | 1 | |a gre |h eng | |
| 082 | 7 | |a 100 |2 (22) | |
| 100 | 1 | |a Hursthouse, Rosalind. | |
| 245 | 1 | 0 | |a Εισαγωγή στη φιλοσοφία / |c Rosalind Hursthouse ; μετάφραση: Άννα Κελεσίδου. |
| 260 | |a Αθήνα : |b Κουτσουμπός, |c 1991. | ||
| 300 | |a 261 σ. ; |c 24 εκ. | ||
| 490 | 1 | |a (Ανοικτό Πανεπιστήμιο / Κουτσουμπός) | |
| 500 | |a Τίτλος πρωτοτύπου: Introduction to philosophy. | ||
| 650 | 0 | 0 | |a Philosophy. |
| 700 | 1 | |a Κελεσίδου-Γαλανού, Άννα Μ., |d 1936- |e trlf | |
| 830 | 0 | |a Ανοικτό Πανεπιστήμιο (Κουτσουμπός) | |
| 852 | |a INST |b LESVOS |e 19950516 |h 100 HUR |p 005100006621 |q 005100006621 |t BK |y 0 | ||
| 909 | |a Λ |b 026321 | ||
| 970 | |z 16/05/1995 | ||